BUBT Library Online Catalog

Introduction to Quantum Mechanics (Record no. 5345)

000 -LEADER
fixed length control field 00555nam a22002177a 4500
003 - CONTROL NUMBER IDENTIFIER
control field BUBTL
008 - FIXED-LENGTH DATA ELEMENTS--GENERAL INFORMATION
fixed length control field 160831b xxu||||| |||| 00| 0 eng d
020 ## - INTERNATIONAL STANDARD BOOK NUMBER
International Standard Book Number 978-81-7758-230-7
082 ## - DEWEY DECIMAL CLASSIFICATION NUMBER
Classification number 530.12GRI
100 ## - MAIN ENTRY--PERSONAL NAME
9 (RLIN) 830
Personal name Griffith,David J.
245 ## - TITLE STATEMENT
Title Introduction to Quantum Mechanics
250 ## - EDITION STATEMENT
Edition statement 2nd
260 ## - PUBLICATION, DISTRIBUTION, ETC. (IMPRINT)
Place of publication, distribution, etc. New Delhi
Name of publisher, distributor, etc. Pearson
Date of publication, distribution, etc. c2005
300 ## - PHYSICAL DESCRIPTION
Extent 480p.
Dimensions 24cm.
650 #0 - SUBJECT ADDED ENTRY--TOPICAL TERM
9 (RLIN) 124
Topical term or geographic name as entry element Mathematics
700 ## - ADDED ENTRY--PERSONAL NAME
9 (RLIN) 831
Personal name Griffith,David J.
760 ## - MAIN SERIES ENTRY
Edition 2nd
856 ## - ELECTRONIC LOCATION AND ACCESS
Password 0
Logon 0
Link text Download
942 ## - ADDED ENTRY ELEMENTS (KOHA)
Source of classification or shelving scheme
Koha item type Books
Holdings
Withdrawn status Lost status Source of classification or shelving scheme Damaged status Not for loan Collection code Permanent location Current location Shelving location Date acquired Inventory number Total Checkouts Full call number Barcode Date last seen Copy number Price effective from Koha item type
          Non-fiction Bangladesh University of Business and Technology Library Bangladesh University of Business and Technology Library Mathematics Stacks 07/09/2013 15744   530.12GRI BUBTL-200315744 08/31/2016 C-1 08/31/2016 Books
        Not For Loan Non-fiction Bangladesh University of Business and Technology Library Bangladesh University of Business and Technology Library Mathematics Stacks 07/09/2013 15745   530.12GRI BUBTL-200315745 08/31/2016 C-2 08/31/2016 Books
          Non-fiction Bangladesh University of Business and Technology Library Bangladesh University of Business and Technology Library Mathematics Stacks 07/09/2013 15746   530.12GRI BUBTL-200315746 08/31/2016 C-3 08/31/2016 Books
          Non-fiction Bangladesh University of Business and Technology Library Bangladesh University of Business and Technology Library Mathematics Stacks 07/09/2013 15747   530.12GRI BUBTL-200315747 08/31/2016 C-4 08/31/2016 Books
        Not For Loan Non-fiction Bangladesh University of Business and Technology Library Bangladesh University of Business and Technology Library Mathematics Stacks 07/09/2013 15748   530.12GRI BUBTL-200315748 08/31/2016 C-5 08/31/2016 Books

More Information About Library

Library Hours

  • Open: 9.00 am. to 9.00 pm.
  • Only Sunday: 9.00 am. to 6.00 pm.
  • Closed: Holiday

Contact to the University

Bangladesh University of Business and Technology Library

  • Mirpurl-2, 1216.
  • Phone:
  • Fax:
  • E-Mail: admin.library@bubt.edu.bd

Contact to the Library

Contact Person:

Md. Abdul Hakim Shah
Joint Librarian
PABX No:  113
Cell No: 01816332931
E-mail: official: admin.library@bubt.edu.bd
Personal: hakim.shah@bubt.edu.bd


BUBT Library

Copyright © 2021